| 000 -LEADER |
| fixed length control field |
00603nam a22001337a 4500 |
| 082 ## - DEWEY DECIMAL CLASSIFICATION NUMBER |
| Classification number |
690.068 |
| Item number |
M648 |
| 100 ## - MAIN ENTRY--AUTHOR NAME |
| Personal name |
Miller, Jack, author. |
| 245 ## - TITLE STATEMENT |
| Title |
Construction project management & estimating for beginners ; [2in1] from estimates to execution - mastering project bids, estimating technique and management essential for new professionals / Jack Miller. |
| 260 ## - PUBLICATION, DISTRIBUTION, ETC. (IMPRINT) |
| Place of publication |
[Place of publication not identified : |
| Name of publisher |
Name of publication not identified], |
| Year of publication |
c2025. |
| 650 ## - SUBJECT ADDED ENTRY--TOPICAL TERM |
| Topical Term |
Construction industry-Management. |
| 650 ## - SUBJECT ADDED ENTRY--TOPICAL TERM |
| Topical Term |
Construction projects-Management |
| 650 ## - SUBJECT ADDED ENTRY--TOPICAL TERM |
| Topical Term |
Project Management. |
| 942 ## - ADDED ENTRY ELEMENTS (KOHA) |
| Koha item type |
Electronic Books |